Tính toán thiết kế thiết bị trao đổi nhiệt

Nội dung tài liệu trình bày một số kiến thức cơ bản về tính toán thiết kế cho thiết bị trao đổi nhiệt vách ngăn hoạt động liên tục, thiết bị trao đổi nhiệt hỗn hợp, thiết bị trao đổi nhiệt kiểu ống nhiệt và kiểu hoạt động theo chu...

Deskribapen osoa

Gorde:
Xehetasun bibliografikoak
Egile nagusia: Bùi Hải
Beste egile batzuk: Trần Văn Vang
Formatua: Liburua
Hizkuntza:Vietnamese
Argitaratua: H. Đại học Khoa học và Kỹ thuật 2012
Gaiak:
Etiketak: Etiketa erantsi
Etiketarik gabe, Izan zaitez lehena erregistro honi etiketa jartzen!
Thư viện lưu trữ: Thư viện Trường Đại học Nam Cần Thơ
LEADER 01601aam a22002418a 4500
001 NCT_6655
008 121008s2012 ||||||viesd
999 |c 340  |d 340 
020 |c 115000 
082 0 4 |2 23rd ed.  |a 621.402  |b H103 
100 1 |a Bùi Hải 
245 1 0 |a Tính toán thiết kế thiết bị trao đổi nhiệt  |c Bùi Hải, Trần Văn Vang 
260 |a H.  |b Đại học Khoa học và Kỹ thuật  |c 2012 
300 |a 379tr.  |b minh hoạ  |c 24cm 
520 3 |a Nội dung tài liệu trình bày một số kiến thức cơ bản về tính toán thiết kế cho thiết bị trao đổi nhiệt vách ngăn hoạt động liên tục, thiết bị trao đổi nhiệt hỗn hợp, thiết bị trao đổi nhiệt kiểu ống nhiệt và kiểu hoạt động theo chu kỳ, hệ thống điều hoà không khí 
653 |a thiết bị trao đổi nhiệt 
655 |a Công nghệ kỹ thuật ô tô 
700 1 |a Trần Văn Vang 
942 |2 ddc  |c BK 
952 |0 0  |1 0  |2 ddc  |4 0  |6 621_402000000000000_H103  |7 0  |9 1817  |a 000001  |b 000001  |d 2017-10-21  |o 621.402 H103  |p MD.01962  |r 2017-10-21  |v 115000.00  |w 2017-10-21  |y BK 
952 |0 0  |1 0  |2 ddc  |4 0  |6 621_402000000000000_H103  |7 0  |9 1818  |a 000001  |b 000001  |d 2017-10-21  |o 621.402 H103  |p MD.01963  |r 2017-10-21  |v 115000.00  |w 2017-10-21  |y BK 
952 |0 0  |1 0  |2 ddc  |4 0  |6 621_402000000000000_H103  |7 0  |9 1819  |a 000001  |b 000001  |d 2017-10-21  |o 621.402 H103  |p MD.01961  |r 2017-10-21  |v 115000.00  |w 2017-10-21  |y BK 
980 |a Thư viện Trường Đại học Nam Cần Thơ